00350nam a2200133Ia 4500008004100000041000800041082001600049100001500065245004400080250001500124260003700139300003300176365000700209240624s9999 xx 000 0 und d aeng a346.082 TAN aTANNAN M L aTANNAN S STUDENT S GUIDE TO BANKING LAW a(20th ed.) c2004aNew DelhibIndia Law House acxxi, : 1236 : p. : cm. ; 24 cRS